00919nam a2200205 a 450000100100000000500170001000800410002702000180006804000250008610000230011124501180013425000120025226000360026430000200030070000400032095201200036095201050048095201110058599900170069600004537420201002050116.0150305s2014 dr 000 0 spa d a9789945166507 aDO-SdBNPbspacBNPHU1 aAcosta, Pedro946310aPsicología para la vida :buna manera sencilla de vivir en paz /cPedro Acosta; prólogo Héctor Rodríguez. a3a. ed. aSanto Domingo :bBúho,c2014. a78 p. ;c22 cm.1 aRodríguez, Héctoreprol.912028 001154708DSaGRbGRcMId2015-03-05iLF1l0o p45374-30r2020-06-25te. 3w2020-06-25yLFDSZPréstamo en sala 0010718PDaPDbPDcHDd2015-03-05iLF1l0o p45374-10r2020-06-25w2020-06-25yLFPDZNo se presta 0010718PDaPDbPDcHDd2015-03-05iLF1l0o p45374-20r2020-06-25te. 2w2020-06-25yLFPDZNo se presta c44863d44863